000
00303nam a2200133Ia 4500
005
20251222144738.0
008
251222s9999||||xx |||||||||||||| ||spa||
020
_a
84-9632--41-1
082
_a
231.91/F85
100
_a
Frossard, André
245
0
_a
No Estamos Solos:
264
_b
Norma
942
_c
LIB
999
_c
18852
_d
18852